Studienbuch Paedagogik : Grund- und Pruefungswissen
Saved in:
| Main Author: | |
|---|---|
| Other Authors: | |
| Format: | Book |
| Language: | German |
| Published: |
Berlin :
Cornelsen Scriptor,
1998
|
| Subjects: | |
| Tags: |
Add Tag
No Tags, Be the first to tag this record!
|
MARC
| LEADER | 00000nam a2200000 i 4500 | ||
|---|---|---|---|
| 001 | 1/12389 | ||
| 008 | 000919s1998 ger d | ||
| 020 | |a 3-589-21098-2 | ||
| 035 | |l 10064189 | ||
| 040 | |a GR-MY-UA |b gre |e aacr | ||
| 041 | 0 | |a ger | |
| 082 | 0 | |a 370.071 | |
| 100 | 1 | |a Kaiser, Arnim. | |
| 245 | 1 | 0 | |a Studienbuch Paedagogik : |b Grund- und Pruefungswissen / |c Arnim Kaiser, Ruth Kaiser |
| 260 | |a Berlin : |b Cornelsen Scriptor, |c 1998 | ||
| 300 | |a 373 p.; |c 21 cm | ||
| 650 | 0 | 0 | |a Education |x Study and teaching (Higher) |
| 700 | 1 | |a Kaiser, Ruth. | |
| 852 | |a INST |b RHODES |e 20000919 |h 370.071 KAI |p 005400014526 |q 005400014526 |t BK |y 0 | ||
| 901 | |a BIBL4-2000-3 | ||
| 909 | |a Ρ |b 065742 | ||
| 922 | |a 4ΕΛΗ |b 199905 |c ΚΠΣ/154 |d LEADER BOOKS | ||
| 970 | |z 2000/09/ΞΕΝΙΑ | ||